| 000 | 01247nam0a22002651 4500 | ||
|---|---|---|---|
| 001 | rc\2790140 | ||
| 005 | 20250529170726.0 | ||
| 035 | _a(NLR Aleph) 006916265 | ||
| 090 |
_a7399311 _c7399311 |
||
| 100 | _a20110915d1935 |||y0rusy50 ca | ||
| 101 | 0 | _arus | |
| 102 | _aRU | ||
| 105 | _aabc z ||||| | ||
| 200 | 1 |
_aКрылатые агитаторы _eАгитационная эскадрилья им. Максима Горького _fА. К. Розовский _gПод ред. и с пред. С. Б. Урицкого |
|
| 210 |
_aМосква _aЛенинград _cОнти. Глав. ред. науч.-попул. и юношеской лит-ры _d1935 _eМосква _gтип. им. Сталина |
||
| 215 |
_aОбл., 110, [2] с. _cил., карт., портр. _d22 см. |
||
| 320 | _aБиблиогр.: литература (5 назв.) | ||
| 700 | 1 |
_aРозовский _bА.К. _gАлександр Константинович |
|
| 702 | 1 |
_4340 _4080 _aУрицкий _bС. Б. _cпарт. деятель, журналист _f1893-1940 _gСемен Борисович _9174013 _3RU\NLR\AUTH\770174064 |
|
| 801 | 0 |
_aRU _bNLR _gpsbo |
|
| 801 | 1 |
_aRU _bELAR _2rusmarc |
|
| 852 |
_aNLR _j35-3/249 |
||
| 942 | _cBOOK | ||
| 980 | _aNB | ||